000 01054cmm a2200361 c 4500
001 39625
003 DO-SdBPM
005 20260120122044.0
007 ta
008 110429s1994 sp i 000 spa
015 _a
017 _a
_b
_z
020 _a8486459559
035 _a
040 _aDO-SdBPM
_bspa
_cBPMSU
_e rda
_d
080 _a
082 4 _aR570.
_b E56v 1994
_222
245 0 0 _aEnciclopeia visua de los seres vivos /
_ctraducción María Puncel
_h
264 _a Madrid :
_bAltea ;
_bEl Páis,
_c 1994
300 _avolumenes .;
_b il.ustraciones :
_c32 cm.
336 _atexto
_btxt
_2rdacontent
337 _asin mediación
_bn
_2rdamedia
338 _avolumen
_bnc
_2rdacarrier
500 _aIncluye índice
590 _aInventariado, 2026/VM
650 7 _aVida
_vEnciclopedia
650 7 _a Biología
_vEnciclopedia
650 7 _aCiencias naturales
_vEnciclopedias
700 1 _a Puncel, María
_etraducción
710 2 _aEl País
910 _aVMateo V. Control de calidad BPMSU
942 _2ddc
_cBK
999 _c15615
_d15615